Statistiques concernant Pays organisateurs des grands événements sportifs (années en xxx8)

Cliquez ici pour prendre le quiz!

Statistiques générales

  • Ce quiz a été pris 76 fois
  • Le résultat moyen est 9 sur 13

Statistiques - réponses

CompétitionPays organisateur% Correct
Coupe du Monde 1998France
99%
Coupe du Monde 2018Russie
97%
Jeux Olympiques 2008Chine
94%
Coupe du Monde 1978Argentine
69%
Euro 2008Autriche et Suisse
65%
Jeux Olympiques 1988Corée du Sud
65%
Jeux Olympiques 1968Mexique
62%
Jeux Olympiques 1908Royaume-Uni
58%
Coupe du Monde 1938France
56%
Euro 1988Allemagne
52%
Jeux Olympiques 1948Royaume-Uni
51%
Coupe du Monde 1958Suède
51%
Euro 1968Italie
48%

Distribution des résultats

Percentile par nombre de réponses

% des personnes avec chaque résultat

Votre développement - résultats

Vous n’avez pas pris ce quiz